| 000 | 01055nam a2200265Ia 4500 | ||
|---|---|---|---|
| 003 | OSt | ||
| 005 | 20221005103957.0 | ||
| 006 | a|||||r|||| 00| 0 | ||
| 007 | ta | ||
| 008 | 221004b |||||||| |||| 00| 0 hin d | ||
| 020 |
_a9788179171370 (hbk) _cINR 625.00 |
||
| 024 | _a66393 | ||
| 037 |
_bGV719, 09/03/2020, Vani Prakashan _cTextual |
||
| 040 |
_aCRL _cCRL _bhin |
||
| 041 |
_2hin _ahin |
||
| 082 | _aT.2, 152P0 | ||
| 100 | _aगुणतिलक, सुसांत, ले. | ||
| 245 | 0 |
_aपंगु मस्तिष्क _b शिक्षा पर औपनिवेशिक संस्कृति का दबाव |
|
| 246 | _aPangu mastiṣhka: shikṣhā par aupaniveshik sanskṛuti kā dabāva | ||
| 260 |
_aदिल्ली _bग्रंथ शिल्पी भारत _c2009 |
||
| 300 |
_a336पृ0 _ccm. |
||
| 650 | _aशिक्षा | ||
| 942 |
_hT.2, 152P0 _cTEXL _2cc |
||
| 999 |
_c1011422 _d1011422 |
||